Statistiken für Größte Städte der Schweiz

Klicken Sie hier um das Quiz zu spielen!

Allgemein

  • Dieses Quiz wurde 874 mal gespielt
  • Das Durchschnittsergebnis liegt bei 14 aus 20

Antwortstatistiken

HintAntwort% Korrekt
402.000Zürich
100%
129.000Bern
99%
174.000Basel
97%
196.000Genf
97%
81.000Luzern
88%
133.000Lausanne
87%
75.000St. Gallen
84%
63.000Lugano
76%
106.000Winterthur
76%
53.000Biel
70%
34.000Chur
68%
36.000Schaffhausen
67%
37.000Freiburg
64%
43.000Thun
62%
34.000Neuenburg
61%
33.000Sitten
40%
39.000La Chaux-de-Fonds
32%
33.000Uster
32%
40.000Köniz
30%
34.000Vernier
18%

Verteilung der Resultate

Perzentil nach korrekt beantworteten Fragen

Anzahl Personen mit jedem Resultat

Ihre Resultats-Entwicklung

Sie haben dieses Quiz noch nicht gespielt